|
|
|
|
| LEADER |
01670nem a2200421 a 4500 |
| 001 |
mzk03001178856 |
| 003 |
CZ BrMZK |
| 005 |
20130815135751.0 |
| 007 |
aj|canzn |
| 008 |
090330s1824 au |||||||a|||||0|||ger|d |
| 034 |
0 |
|
|a a
|b 1000000
|d E0083325
|e E0133555
|f N0464005
|g N0445525
|
| 040 |
|
|
|a BOE950
|b cze
|
| 043 |
|
|
|a e-it---
|
| 072 |
|
7 |
|a 912:904
|x Staré mapy
|2 Konspekt
|9 7
|
| 080 |
|
|
|a 025.171
|2 MRF
|
| 080 |
|
|
|a (084.3)
|2 MRF
|
| 080 |
|
|
|a (450-17)
|2 MRF
|
| 100 |
1 |
|
|a Dirwalt, Joseph,
|d činný 1809-1820
|4 aut
|
| 245 |
1 |
0 |
|a Charte des Lombardisch-Venetianischen Koenigreichs
|h [kartografický dokument]
|
| 255 |
|
|
|a Měřítko [ca 1:1 000 000]. 10,3 cm = Masstab von 15 geographischen Meilen = 1 Grad = 4 wiener Zoll
|c (008°33´25" v.d.--013°35´55" v.d./046°40´05" s.š.--044°55´25" s.š.)
|
| 260 |
|
|
|a In Wien :
|b bey Tranquillo Mollo,
|c [1824]
|
| 300 |
|
|
|a 1 mapa :
|b ručně kolorovaná mědirytina ;
|c 30,5 x 43 cm, na listu 42 x 51,5 cm, složeno na 42 x 26 cm
|
| 500 |
|
|
|a Nullmeridian: Ferro
|
| 500 |
|
|
|a Výzdoba: V levém dolním rohu titul
|
| 561 |
|
|
|a Provenience: [stará signatura] 18.2.
|
| 561 |
|
|
|a Provenience: [m.p.] Lombardie L 18
|
| 650 |
0 |
7 |
|a historické knihovní fondy
|7 ph172933
|2 czenas
|
| 655 |
|
7 |
|a staré mapy
|7 fd674099
|2 czenas
|
| 651 |
|
7 |
|a Itálie severní
|7 ge129397
|2 czenas
|
| 700 |
1 |
|
|a Mollo, Tranquillo
|4 pbl
|
| 910 |
|
|
|e BOE950
|c R - CCCCXXXIV (I.I.b)
|
| 978 |
|
|
|b Mollo, Tranquillo
|a Wien
|c 1824
|
| 984 |
|
|
|a Vídeň
|b Rakousko
|
| 985 |
|
|
|a 1801-1850
|
| 990 |
|
|
|a MP
|
| 996 |
|
|
|e BOE950
|c R - CCCCXXXIV (I.I.b)
|
| 991 |
|
|
|k rajhrad
|
| 980 |
|
|
|c 290697
|g R - CCCCXXXIV (I.I.b)
|d 20090331
|t 5
|1 328100290697
|z KR
|